banner-ar

NOVELL S GUIDE TO NETWARE 4.0 NLM PROGRAMMING / (Record no. 15748)

MARC details
000 -الفاتح
حقل البيانات ثابتة الطول 00543nam a2200205Ia 4500
008 - عناصر البيانات ثابتة الطول - معلومات عامة
حقل البيانات ثابتة الطول 140319s9999 xx 000 0 eng d
040 ## - مصدر الفهرسة
وكالة الفهرسة الأصلية GCL /
وكالة النسخ GCL
082 04 - رقم تصنيف ديوى العشرى
رقم التصنيف 004.65
رقم المادة D N
100 1# - المدخل الرئيسى - إسم شخصى
الإسم الشخصى DAY,MICHAEL
245 10 - بيان العنوان
العنوان NOVELL S GUIDE TO NETWARE 4.0 NLM PROGRAMMING /
بيان المسئوليه,etc DAY,MICHAEL
700 1# - المدخل الاضافى - اسم شخصى
الإسم الشخصى KOONTZ, MICHEAL
700 1# - المدخل الاضافى - اسم شخصى
الإسم الشخصى MARSHALL,DANIEL
260 ## - PUBLICATION, DISTRIBUTION, ETC. (IMPRINT)
تاريخ النشر أو التوزيع 1993
650 04 - المدخل الاضافى بالموضوع-مصطلح موضوعى
مصطلح موضوعي COMPUTER SOFTWARE
650 04 - المدخل الاضافى بالموضوع-مصطلح موضوعى
مصطلح موضوعي COMPUTER PROGRM
650 04 - المدخل الاضافى بالموضوع-مصطلح موضوعى
مصطلح موضوعي NET WARE
650 04 - المدخل الاضافى بالموضوع-مصطلح موضوعى
مصطلح موضوعي COMPUTER - NETWORKS
942 ## - عناصر المدخل الإضافي( كوها)
مصدر التصنيف او مخطط الترفيف Dewey Decimal Classification
Koha [default] item type كتاب
260 ## - PUBLICATION, DISTRIBUTION, ETC. (IMPRINT)
-- [S.N] :
-- SYBEX ،
Holdings
حالة التراجع حالة الفقد حالة تلف ليس للاعارة المكان المؤقت الموقع الحالى تاريخ الاكتساب اجمالي اﻻعارات رقم الطلب الباركود تاريخ اخر مشاهدة تاريخ تفعيل السعر نوع وعاء كوها
        مكتبة القاهرة الكبرى مكتبة القاهرة الكبرى 03/26/2014   004.65\D N 29013 03/26/2014 03/26/2014 كتاب
        مكتبة القاهرة الكبرى مكتبة القاهرة الكبرى 03/26/2014   004.65\D N 29014 03/26/2014 03/26/2014 كتاب

Powered By

EGPV